25 most populated cities in Castilla-La Mancha - Statistics

General Stats
  • This quiz has been taken 123 times
  • The average score is 14 of 25
Answer Stats
Pop. Municipality Province % Correct
85.3 k Toledo Toledo
97%
173 k Albacete Albacete
96%
75.1 k Ciudad Real Ciudad Real
96%
54.2 k Cuenca Cuenca
96%
86.9 k Guadalajara Guadalajara
96%
83.2 k Talavera de la Reina Toledo
85%
46.1 k Puertollano Ciudad Real
71%
30.5 k Alcázar de San Juan Ciudad Real
64%
36.0 k Tomelloso Ciudad Real
61%
35.1 k Azuqueca de Henares Guadalajara
57%
30.2 k Illescas Toledo
57%
30.2 k Valdepeñas Ciudad Real
56%
30.3 k Hellín Albacete
52%
17.8 k Manzanares Ciudad Real
48%
17.8 k Daimiel Ciudad Real
47%
24.4 k Almansa Albacete
45%
15.5 k La Roda Albacete
45%
25.0 k Villarrobledo Albacete
45%
27.5 k Seseña Toledo
44%
15.7 k Tarancón Cuenca
41%
13.6 k Torrijos Toledo
25%
13.2 k Campo de Criptana Ciudad Real
24%
15.7 k Miguelturra Ciudad Real
19%
15.3 k La Solana Ciudad Real
16%
13.1 k Alovera Guadalajara
15%
No matching quizzes found
Score Distribution
Percent of People with Each Score
Percentile by Number Answered
Your Score History
You have not taken this quiz